Normal view
MARC view
- Muhammad Iftikhar Ahmad (00000204925)
Entry Personal Name
001 - CONTROL NUMBER
- control field: 116557
003 - CONTROL NUMBER IDENTIFIER
- control field: NUST
005 - DATE AND TIME OF LATEST TRANSACTION
- control field: 20230912170006.0
008 - FIXED-LENGTH DATA ELEMENTS
- fixed length control field: 230912|| aca||aabn | a|a d
040 ## - CATALOGING SOURCE
- Original cataloging agency: NUST
- Transcribing agency: NUST
100 ## - HEADING--PERSONAL NAME
- Personal name: Muhammad Iftikhar Ahmad (00000204925)
670 ## - SOURCE DATA FOUND
- Source citation: Work cat.: (NUST): Muhammad Iftikhar Ahmad (00000204925), System Design and Control of VSC based HVDC System and its Performance Evaluation /, 2021
